[Event "Doeberl Cup 61st"]
[Site "Canberra"]
[Date "2024.04.01"]
[Round "9"]
[White "Winkelman, Albert"]
[Black "Das, Arghyadip"]
[Result "0-1"]
[WhiteElo "2199"]
[BlackElo "2405"]
[PlyCount "128"]
[EventDate "2024.03.28"]
[EventType "swiss"]
[EventRounds "9"]
[EventCountry "AUS"]
[SourceTitle "CB14_2024"]
[SourceDate "2024.04.01"]
[SourceVersion "1"]
[SourceVersionDate "2024.04.01"]
[SourceQuality "1"]

1. d4 Nf6 2. Nf3 g6 3. Nbd2 Bg7 4. e4 d6 5. Bd3 0-0 6. 0-0 Nc6 7. c3 e5 8. h3 Nh5 9. Nb3 h6 10. Re1 b6 11. Be3 Bb7 12. Qd2 Kh7 13. Nh2 d5 14. exd5 exd4 15. dxc6 dxe3 16. Rxe3 Bxc6 17. Be4 Bxe4 18. Rxe4 Nf6 19. Rd4 Qc8 20. Ng4 Nxg4 21. Rxg4 Re8 22. Re1 Qf5 23. Rg3 Rad8 24. Rxe8 Rxe8 25. Qd1 Qb5 26. Rd3 Re1+ 27. Qxe1 Qxd3 28. Qf1 Qd5 29. Qe2 h5 30. Qd2 Qf5 31. Qd1 c5 32. Na1 Qe6 33. Nb3 Bh6 34. a3 Bf4 35. Nc1 Bc7 36. Kf1 Kg7 37. Ne2 b5 38. Qd3 a6 39. Qc2 Qa2 40. Ke1 Qd5 41. Kf1 Qe5 42. Ng1 Qd5 43. Nf3 a5 44. Ke2 Qe6+ 45. Kd1 Bf4 46. Qd3 Qb3+ 47. Qc2 Qd5+ 48. Ke2 a4 49. Ne1 Bh6 50. Qd3 Qb3 51. Qb1 Kg8 52. f3 f5 53. Kf1 Qc4+ 54. Qd3 Qxd3+ 55. Nxd3 c4 56. Nf2 Bc1 57. Nd1 h4 58. Kf2 Kg7 59. Ke2 Kf6 60. Kf2 Kg5 61. Ke2 Kf4 62. Kf2 g5 63. Kf1 Kg3 64. Kg1 f4 0-1

[Event "IND-ch 60th"]
[Site "Pune"]
[Date "2023.08.16"]
[Round "1"]
[White "Lakshmi Charan Naidu, G."]
[Black "Das, Arghyadip"]
[Result "0-1"]
[WhiteElo "1652"]
[BlackElo "2413"]
[PlyCount "84"]
[EventDate "2023.08.16"]
[EventType "swiss"]
[EventRounds "11"]
[EventCountry "IND"]
[SourceTitle "EXT 2024"]
[Source "ChessBase"]
[SourceDate "2023.10.10"]
[SourceVersion "1"]
[SourceVersionDate "2023.10.10"]
[SourceQuality "1"]

1. d4 d5 2. Bf4 c5 3. e3 Nc6 4. Nf3 Nf6 5. c3 e6 6. Nbd2 c4 7. Qc2 b5 8. e4 Bb7 9. e5 Nd7 10. Be2 Be7 11. h4 Nb6 12. Rh3 h6 13. h5 a5 14. g4 b4 15. Rg3 Kd7 16. g5 a4 17. a3 bxa3 18. bxa3 Na5 19. gxh6 gxh6 20. Rg7 Nb3 21. Ra2 Qf8 22. Rh7 Rxh7 23. Qxh7 Qh8 24. Qxh8 Rxh8 25. Nh2 Nc8 26. Bd1 Nc1 27. Bxa4+ Kc7 28. Bc2 Nxa2 29. Nb1 Rg8 30. Bxh6 Bg5 31. Bxg5 Rxg5 32. h6 Rh5 33. Ng4 Nc1 34. Nd2 Nd3+ 35. Ke2 Ne7 36. Nf1 Rh4 37. Kf3 Nf5 38. a4 Nxh6 39. Nf6 Bc6 40. Ne3 Rh1 41. Kg3 Rc1 42. f4 Nf5+ 0-1

[Event "IND-chT 42nd"]
[Site "Pollachi"]
[Date "2023.02.12"]
[Round "4.1"]
[White "Das, Arghyadip"]
[Black "Adhiban, Baskaran"]
[Result "1/2-1/2"]
[WhiteElo "2403"]
[BlackElo "2610"]
[PlyCount "118"]
[EventDate "2023.02.10"]
[EventType "team-swiss"]
[EventRounds "9"]
[EventCountry "IND"]
[SourceTitle "CBM 212 Extra"]
[Source "ChessBase"]
[SourceDate "2023.03.31"]
[SourceVersion "1"]
[SourceVersionDate "2023.03.31"]
[SourceQuality "1"]
[WhiteTeam "RSPB II"]
[BlackTeam "PSPB"]
[WhiteTeamCountry "IND"]
[BlackTeamCountry "IND"]

1. e4 c5 2. c3 d5 3. exd5 Nf6 4. Bb5+ Nbd7 5. c4 g6 6. Nf3 Bg7 7. 0-0 0-0 8. Nc3 Nb6 9. d3 a6 10. Ba4 e6 11. Be3 Qd6 12. Rc1 exd5 13. cxd5 Bf5 14. Bb3 Rac8 15. h3 Nbxd5 16. Bxd5 Nxd5 17. Ne4 Qb8 18. Bxc5 Rfd8 19. Qd2 Bxe4 20. dxe4 Nf4 21. Bd6 Rxc1 22. Bxb8 Rxd2 23. Rxc1 Ne2+ 24. Kf1 Nxc1 25. Nxd2 Nxa2 26. b3 Bh6 27. f4 Nc1 28. Bd6 b5 29. g3 Bf8 30. Bxf8 Kxf8 31. Ke1 a5 32. Kd1 Nd3 33. Ke2 Nc1+ 34. Kd1 Na2 35. Kc2 Ke7 36. Nf3 Nb4+ 37. Kc3 Nc6 38. g4 h6 39. h4 Kd6 40. g5 h5 41. Ne1 Nb4 42. Nf3 Nc6 43. Ne1 a4 44. bxa4 bxa4 45. Nd3 a3 46. Kb3 Nd4+ 47. Kxa3 Nf3 48. Kb4 Nxh4 49. Ne1 Ke6 50. Kc4 Nf5 51. Kd3 Ne7 52. Nf3 Nc6 53. Nh4 Kd6 54. Nf3 Kc5 55. Kc3 Nd8 56. Kd3 Nc6 57. Kc3 Nd8 58. Kd3 Nc6 59. Kc3 Nd8 1/2-1/2

[Event "Dubai op 22nd"]
[Site "Dubai"]
[Date "2022.09.01"]
[Round "6"]
[White "Das, Arghyadip"]
[Black "Jain, Kashish Manoj"]
[Result "1-0"]
[WhiteElo "2446"]
[BlackElo "2315"]
[PlyCount "127"]
[EventDate "2022.08.27"]
[EventType "swiss"]
[EventRounds "9"]
[EventCountry "UAE"]
[SourceTitle "CBM 210 Extra"]
[Source "ChessBase"]
[SourceDate "2022.11.30"]
[SourceVersion "1"]
[SourceVersionDate "2022.11.30"]
[SourceQuality "1"]

1. e4 c5 2. Nf3 d6 3. d4 cxd4 4. Nxd4 Nf6 5. Nc3 Nc6 6. Bg5 e6 7. Bb5 Bd7 8. Qd3 Be7 9. 0-0-0 0-0 10. Bxc6 Bxc6 11. f4 Qb6 12. Kb1 Rfe8 13. h4 Ng4 14. Qg3 h5 15. Bxe7 Rxe7 16. f5 e5 17. Nxc6 bxc6 18. Rxd6 Rb7 19. b3 a5 20. a4 Qc5 21. Rhd1 Rb4 22. Rd8+ Rxd8 23. Rxd8+ Kh7 24. Qe1 Rd4 25. Rxd4 exd4 26. Nd1 Qe5 27. Qe2 Nf6 28. Nf2 Qf4 29. Qf3 Qxh4 30. Kb2 Qh2 31. g3 Qg1 32. e5 Nd5 33. Qxh5+ Kg8 34. e6 Qxf2 35. Qxf7+ Kh7 36. Qg6+ Kh8 37. Qh5+ Kg8 38. Qe8+ Kh7 39. Qh5+ Kg8 40. e7 Nxe7 41. Qe8+ Kh7 42. Qxe7 Qxf5 43. Qh4+ Kg6 44. Qxd4 c5 45. Qc3 Kh6 46. Qxa5 Kh5 47. Qc3 g5 48. a5 c4 49. b4 Qb5 50. Qf3+ Kg6 51. Kc3 Kh6 52. Qf6+ Kh5 53. Qf7+ Kh6 54. Qe6+ Kg7 55. g4 Qa4 56. Qe5+ Kg6 57. Qf5+ Kh6 58. Kxc4 Qa2+ 59. Kb5 Qg8 60. Qf6+ Kh7 61. Qe7+ Kh8 62. Qe5+ Kh7 63. a6 Qc8 64. Qf5+ 1-0

[Event "Abu Dhabi Masters 28th"]
[Site "Abu Dhabi"]
[Date "2022.08.22"]
[Round "6"]
[White "Wagh, Suyog"]
[Black "Das, Arghyadip"]
[Result "1/2-1/2"]
[WhiteElo "2315"]
[BlackElo "2446"]
[PlyCount "40"]
[EventDate "2022.08.17"]
[EventType "swiss"]
[EventRounds "9"]
[EventCountry "UAE"]
[SourceTitle "CBM 209 Extra"]
[Source "ChessBase"]
[SourceDate "2022.09.30"]
[SourceVersion "1"]
[SourceVersionDate "2022.09.30"]
[SourceQuality "1"]

1. d4 Nf6 2. c4 g6 3. Nf3 Bg7 4. g3 0-0 5. Bg2 d6 6. Nc3 Nbd7 7. 0-0 e5 8. e4 exd4 9. Nxd4 Re8 10. h3 Nc5 11. Re1 a5 12. Qc2 c6 13. Be3 a4 14. Rab1 Qa5 15. b4 axb3 16. axb3 Qb4 17. Bd2 Qb6 18. Be3 Qb4 19. Bd2 Qb6 20. Be3 Qb4 1/2-1/2

[Event "Abu Dhabi Masters 28th"]
[Site "Abu Dhabi"]
[Date "2022.08.20"]
[Round "5"]
[White "Das, Arghyadip"]
[Black "Avinash, Ramesh"]
[Result "1-0"]
[WhiteElo "2446"]
[BlackElo "2322"]
[PlyCount "89"]
[EventDate "2022.08.17"]
[EventType "swiss"]
[EventRounds "9"]
[EventCountry "UAE"]
[SourceTitle "CBM 209 Extra"]
[Source "ChessBase"]
[SourceDate "2022.09.30"]
[SourceVersion "1"]
[SourceVersionDate "2022.09.30"]
[SourceQuality "1"]

1. e4 c5 2. Nf3 d6 3. c3 Nf6 4. Be2 g6 5. 0-0 Bg7 6. d3 0-0 7. Be3 Nc6 8. Nbd2 e5 9. a3 h6 10. h3 Be6 11. b4 cxb4 12. axb4 a6 13. Qb1 b5 14. Nb3 Qb8 15. Ra3 Rc8 16. Qb2 Nd7 17. Qd2 Kh7 18. d4 Bxb3 19. Rxb3 Nb6 20. dxe5 dxe5 21. Ra3 Qb7 22. Rfa1 Rc7 23. Qe1 Nb8 24. Nd2 N8d7 25. Nb3 Qc8 26. Bxb6 Nxb6 27. Nc5 Rxc5 28. bxc5 Na4 29. c4 Qxc5 30. cxb5 axb5 31. Bd1 Bf8 32. Bxa4 Qd4 33. Rf3 Ra7 34. Rd1 Qxa4 35. Qe2 b4 36. Rd8 Kg7 37. Qc4 Qa5 38. Rc8 Rb7 39. Qc6 Qb6 40. Rxf7+ Kxf7 41. Qe8+ Kf6 42. Rc6+ Kg7 43. Qxg6+ Kh8 44. Rxb6 Rxb6 45. Qxb6 1-0

[Event "Abu Dhabi Masters 28th"]
[Site "Abu Dhabi"]
[Date "2022.08.17"]
[Round "1"]
[White "Das, Arghyadip"]
[Black "Pujari, Rucha"]
[Result "1/2-1/2"]
[WhiteElo "2446"]
[BlackElo "2229"]
[PlyCount "59"]
[EventDate "2022.08.17"]
[EventType "swiss"]
[EventRounds "9"]
[EventCountry "UAE"]
[SourceTitle "CBM 209 Extra"]
[Source "ChessBase"]
[SourceDate "2022.09.30"]
[SourceVersion "1"]
[SourceVersionDate "2022.09.30"]
[SourceQuality "1"]

1. e4 e5 2. Nf3 Nc6 3. Bb5 a6 4. Ba4 Nf6 5. 0-0 Be7 6. d3 b5 7. Bb3 0-0 8. a4 Bb7 9. Nc3 b4 10. Nd5 Na5 11. Nxe7+ Qxe7 12. Ba2 d5 13. exd5 Bxd5 14. Re1 Bxa2 15. Rxa2 Nc6 16. Bf4 Nd7 17. d4 Rad8 18. Ra1 f6 19. Qe2 exf4 20. Qc4+ Qf7 21. Qxc6 Nb6 22. a5 Rd6 23. Qc5 Nd5 24. c4 bxc3 25. bxc3 Qd7 26. c4 Ne7 27. Rab1 Nf5 28. d5 c6 29. Nd4 Nxd4 30. Qxd4 1/2-1/2

[Event "Teplice op 15th"]
[Site "Teplice"]
[Date "2022.06.24"]
[Round "7"]
[White "Kozak, Adam"]
[Black "Das, Arghyadip"]
[Result "1/2-1/2"]
[WhiteElo "2523"]
[BlackElo "2472"]
[PlyCount "81"]
[EventDate "2022.06.18"]
[EventType "swiss"]
[EventRounds "9"]
[EventCountry "CZE"]
[SourceTitle "CBM 209 Extra"]
[Source "ChessBase"]
[SourceDate "2022.09.30"]
[SourceVersion "1"]
[SourceVersionDate "2022.09.30"]
[SourceQuality "1"]

1. Nf3 Nf6 2. g3 g6 3. b3 Bg7 4. Bb2 0-0 5. Bg2 d6 6. d4 b5 7. 0-0 Bb7 8. Qd3 a6 9. c4 bxc4 10. bxc4 Nbd7 11. Nbd2 c5 12. d5 a5 13. e4 Nb6 14. Rab1 Ba6 15. Rfe1 a4 16. Qc2 Bc8 17. a3 Rb8 18. h3 Qc7 19. Rbd1 Nfd7 20. Bxg7 Kxg7 21. Qc3+ f6 22. Nh2 Ne5 23. f4 Nf7 24. Nhf3 e5 25. dxe6 Bxe6 26. Nh2 Nd8 27. Nhf3 Kg8 28. e5 dxe5 29. fxe5 f5 30. Ng5 Qe7 31. h4 h6 32. Nh3 g5 33. hxg5 hxg5 34. g4 fxg4 35. Nf2 Qg7 36. Nfe4 Nd7 37. Qe3 Nf7 38. Nf6+ Kh8 39. Nxd7 Bxd7 40. Ne4 Nxe5 41. Qxg5 1/2-1/2

[Event "IND-ch Rapid"]
[Site "Nashik"]
[Date "2022.04.29"]
[Round "8"]
[White "Rathnakaran, Kantholi"]
[Black "Das, Arghyadip"]
[Result "1-0"]
[WhiteElo "2337"]
[BlackElo "2471"]
[PlyCount "129"]
[EventDate "2022.04.27"]
[EventType "swiss (rapid)"]
[EventRounds "9"]
[EventCountry "IND"]
[SourceTitle "CBM 208 Extra"]
[Source "ChessBase"]
[SourceDate "2022.07.31"]
[SourceVersion "1"]
[SourceVersionDate "2022.07.31"]
[SourceQuality "1"]

1. e4 e5 2. Nf3 Nc6 3. Bc4 Nf6 4. d3 Be7 5. Nc3 d6 6. a3 0-0 7. Ba2 Nd7 8. Nd5 Nb6 9. Nxe7+ Qxe7 10. Be3 Be6 11. c4 Kh8 12. h4 Bg4 13. h5 f5 14. c5 Nd7 15. cxd6 cxd6 16. Nh4 Qxh4 17. Rxh4 Bxd1 18. Rxd1 f4 19. Bd2 Nc5 20. h6 g6 21. Rh3 Nd4 22. Bc3 Na4 23. Bxd4 exd4 24. Bb3 b5 25. Rd2 Rac8 26. Ke2 Rc5 27. Kf3 Nb6 28. Be6 Rf6 29. Bg4 Kg8 30. g3 fxg3+ 31. Kxg3 Rc1 32. Bd1 a5 33. f4 a4 34. Rh1 Kf8 35. Bf3 Rc5 36. Bg4 Ke7 37. Re1 Nd7 38. Rde2 g5 39. Bf5 gxf4+ 40. Kxf4 Ne5 41. Rd1 Rxh6 42. Rg2 Ng6+ 43. Kg5 Rh3 44. Rgg1 Re3 45. Kh6 Nf8 46. Rg7+ Ke8 47. Rg8 Rc2 48. Rdg1 Ree2 49. R1g5 Rc7 50. Bg4 Rf2 51. Bh5+ Kd7 52. Rf5 Rxf5 53. exf5 Ke7 54. f6+ Kxf6 55. Rxf8+ Ke5 56. Bg4 d5 57. Rf5+ Kd6 58. Bf3 Rc5 59. Kxh7 b4 60. Kg6 b3 61. Kf6 Rc2 62. Rxd5+ Kc7 63. Ke5 Rxb2 64. Rxd4 Rf2 65. Be4 1-0